| 000 | 00498cam a2200181ua 4500 | ||
|---|---|---|---|
| 001 | 945 | ||
| 008 | 110423n ii |||gr||||Z||||||asm | ||
| 040 | _cMAIN | ||
| 082 | _a322.4454 | ||
| 245 | 1 |
_aJatiya andulan aru bharatar sangbidhanik bikash. _cBy Purandar Gogoi. |
|
| 250 | _a1st. | ||
| 260 |
_aDibrugarh.: _bBanalata.,994. |
||
| 300 |
_a356 p.: _c20 cm. |
||
| 653 | _aPolitical science. | ||
| 653 | _aJatiya andulan aru bharata sangbidhanik bikash. | ||
| 700 | _aGogoi, Purandar., | ||
| 942 | _cBK | ||
| 999 |
_c868 _d868 |
||